| 000 | 00349nam a2200145Ia 4500 | ||
|---|---|---|---|
| 008 | 230312s9999||||xx |||||||||||||| ||und|| | ||
| 020 | _a1-59829-401-9 | ||
| 082 |
_a006.37 _bMOR-T |
||
| 100 | _aMordohai;Philippos | ||
| 245 | 0 | _aTensor Voting | |
| 260 |
_bMorgon _aaustalia _c2007 |
||
| 300 | _a126 | ||
| 650 |
_aEngineering _vAvionics |
||
| 942 | _cBK | ||
| 999 |
_c12361 _d12361 |
||